El pensamiento de Kierkegaard (Registro nro. 6722)
[ vista simple ]
| 000 -ENCABEZADO | |
|---|---|
| Número de control [NR] | 00769nam a2200217Ia 4500 |
| 008 - DE LONGITUD FIJA DE DATOS DE ELEMENTOS - INFORMACIÓN GENERAL | |
| Elementos de longitud fija [NR] | 130821s1970 mx gr spa |
| 040 ## - FUENTE DE CATALOGACION [NR] | |
| Agencia de catalogación original [NR] | Co-BoUCM |
| Idioma de catalogación [NR] | spa |
| 041 ## - CODIGO DE IDIOMA [R] | |
| Código de idioma para texto/pista de sonido o título separado [R] | Español |
| 100 1# - ASIENTO PRINCIPAL--NOMBRE PERSONAL [NR] | |
| Nombre personal [NR] | Collins, James |
| ID Autoridad | 155440 |
| 245 13 - MENCION DE TITULO [NR] | |
| Título [NR] | El pensamiento de Kierkegaard |
| Mención de responsabilidad, etc. [NR] | James Collins. |
| 260 ## - PUBLICACION, DISTRIBUCION, ETC. (PIE DE IMPRENTA) [R] | |
| Lugar de publicación, distribución, etc. [R] | México D.F. (México) |
| Nombre del editor, distribuidor, etc. [R] | Fondo de Cultura Económica |
| Fecha de publicación, distribución, etc. [R] | 1970 |
| 300 ## - DESCRIPCION FISICA [R] | |
| Extensión [R] | 325 páginas |
| 490 ## - MENCION DE SERIE [R] | |
| Mención de serie [R] | Breviarios del Fondo de Cultura Económica |
| Designación numérica/secuencial del volumen [NR] | 140 |
| 500 ## - NOTA GENERAL [R] | |
| Nota general [NR] | Notas al final del texto. |
| 600 ## - ASIENTO SECUNDARIO DE MATERIA - NOMBRE PERSONAL [R] | |
| Nombre personal [NR] | Kierkegaard, Sören Aabye |
| Fechas asociadas con el nombre [NR] | 1813-1855 |
| Subdivisión general [R] | Crítica e interpretación, etc. |
| 9 (RLIN) | 117765 |
| 650 04 - ASIENTO SECUNDARIO DE MATERIA - TERMINO TEMATICO [R] | |
| Término temático o nombre geográfico como elemento de entrada [NR] | Filosofía danesa |
| 9 (RLIN) | 15745 |
| 650 04 - ASIENTO SECUNDARIO DE MATERIA - TERMINO TEMATICO [R] | |
| Término temático o nombre geográfico como elemento de entrada [NR] | Filosofía y religión |
| 9 (RLIN) | 15856 |
| 650 04 - ASIENTO SECUNDARIO DE MATERIA - TERMINO TEMATICO [R] | |
| Término temático o nombre geográfico como elemento de entrada [NR] | Filosofía |
| 9 (RLIN) | 75 |
| 942 ## - ELEMENTOS DE ENTRADA AGREGADOS (KOHA) | |
| Tipo de ítem principal el descrito en 300a | Libro |
| Tema principal | Filosofía |
| Edición | 1 |
| Parte restante de la signatura top. | C65 |
| Sistema de clasificación | DEWEY |
| Clasificación | 198 |
| Fecha de último préstamo | Total préstamos | Total Renewals | Signatura topográfica | Código de barras | Última vez visto | Ejemplar | Price effective from | Tipo de ítem | Perdido | Sistema de clasificación | Dañado | No prestable | Tipo de ítem específico | Suprimido | Ubicación habitual | Ubicación actual | Localización | Fecha de creación | Forma de adquisición | Costo |
|---|---|---|---|---|---|---|---|---|---|---|---|---|---|---|---|---|---|---|---|---|
| 13/03/2025 | 33 | 4 | 198 C65 | 100017295 | 05/12/2025 | Ej.1 | 03/02/2013 | Libro | DEWEY | Libro | Claustro | Claustro | 2do piso | 28/02/2003 | Compra | 290.00 |